| 000 | 00000nam##2200000za#4500 |
| 001 | 9.698286 |
| 003 | CaOODSP |
| 005 | 20210624235847 |
| 007 | cr ||||||||||| |
| 008 | 150407|2005||||xxc|||||o f|0| 0 eng|d |
| 040 | |aCaOODSP|beng |
| 043 | |an-cn--- |
| 086 | 1 |aEn134-60/2005E-PDF |
| 110 | 2 |aNational Round Table on the Environment and the Economy (Canada) |
| 245 | 10|aGreening Canada's brownfields : |h[electronic resource]|ba national framework for encouraging redevelopment of qualifying brownfields through removal of crown liens and tax arrears / |cprepared for the government of Canada and provincial and municipal governments by the National Round Table on the Environment and the Economy, and the Canadian Brownfields Network. |
| 246 | 1 |aGreening Canada’s brownfields : removal of liens and tax arrears |
| 260 | |aOttawa - Ontario : |bNational Round Table on the Environment and the Economy |c2005. |
| 300 | |a40p.|bphotographs |
| 590 | |a13-18-Supp|b2013-08-01 |
| 690 | 07|aClimate|2gcpds |
| 690 | 07|aEnvironmental management|2gcpds |
| 690 | 07|aPollution control|2gcpds |
| 690 | 07|aEnvironment|2gcpds |
| 775 | 08|tLes terrains abandonnés au Canada – Retour au vert : |w(CaOODSP)9.642299 |
| 856 | 40|ahttp://publications.gc.ca|qPDF|s211 KB|uhttps://publications.gc.ca/collections/collection_2013/trnee-nrtee/En134-60-2005-eng.pdf |